| 000 | 00654nam a22001934i 4500 | ||
|---|---|---|---|
| 999 |
_c7274 _d7274 |
||
| 003 | OSt | ||
| 005 | 20191122100814.0 | ||
| 008 | 191122s2018 sp a 0|| 0 spa|d | ||
| 020 | _a9788478127962 | ||
| 040 |
_aES-BaAHC _bcat _cCDMR |
||
| 110 | 2 | _aHemeroteca Municipal de Madrid | |
| 245 | 1 | 0 |
_aCuatro siglos de noticias en cien años _b: 1918-2018 _c/ Hemeroteca Municicpal |
| 264 | 1 |
_aMadrid : _bAyuntamiento de Madrid, _c2018 |
|
| 300 |
_a367, 142 p. ; _bil. ; _c28 cm |
||
| 610 | 2 | 4 |
_aHemeroteca Municipal de Madrid _xCentenaris |
| 610 | 2 | 4 |
_aHemeroteca Municipal de Madrid _xExposicions |
| 650 | 4 |
_aPremsa _zEspanya _xHistòria _xExposicions |
|
| 942 | _cMON | ||